LIBRARY & INFORMATION CENTRE, KCAET, TAVANUR

ONLINE PUBLIC ACCESS CATALOGUE (OPAC)

N B S Concise English Malayalam Dictionary / (Record no. 4855)

MARC details
000 -LEADER
fixed length control field 00449cam a2200157ua 4500
041 ## - LANGUAGE CODE
Language code of text/sound track or separate title mal
082 ## - DEWEY DECIMAL CLASSIFICATION NUMBER
Classification number 494.81203
Item number MAD/NB
100 ## - MAIN ENTRY--AUTHOR NAME
Personal name Madhavan , Pillai .
245 ## - TITLE STATEMENT
Title N B S Concise English Malayalam Dictionary /
260 ## - PUBLICATION, DISTRIBUTION, ETC. (IMPRINT)
Place of publication Kottayam :
Name of publisher Sahitya Pravarthaka Co-operative Society ,
Year of publication 1994.
300 ## - PHYSICAL DESCRIPTION
Number of Pages 914 ; .
942 ## - ADDED ENTRY ELEMENTS (KOHA)
Koha item type Books
Holdings
Withdrawn status Lost status Damaged status Home library Current library Date acquired Full call number Accession Number Koha item type
      KAUAET KAUAET 07/04/2012 494.81203 18400 Books
free website counter